Justicia de paz y alternativa

Detalles Bibliográficos
Autor principal: Bonet Navarro, Još
Formato: eBook
Lenguaje:español
Publicado: Madrid: Dykinson, 2014
Materias:
Acceso en línea:Acceso restringido

MARC

LEADER 00000nam a22000007a 4500
005 20140603202430.0
007 cr|||| ||||
008 140603s2014 es |||||s|||| 00||0 spa d
020 |a 978-84-9031-930-7 
035 |a 12213 
040 |a vLex 
090 |c 4979  |d 4979 
100 1 |a Bonet Navarro, Još 
245 1 0 |a Justicia de paz y alternativa  |h [Recurso electrn̤ico] /  |c Jos ̌Bonet Navarro 
256 |a Servicio en ln̕ea 
260 |a Madrid:  |b Dykinson,  |c 2014 
300 |a 1 recurso electrn̤ico 
500 |a La justicia de paz se encuentra en la base de la organizacin̤ judicial espaǫla, no solamente porque abarca la circunscripcin̤ territorial inferior y conoce de materias cuya importancia es n̕fima, sino por encontrarse en el subsuelo de las garanta̕s. Sin embargo, su papel en el m̀bito municipal es ms̀ importante del que pudiera derivar del escaso desarrollo en el derecho positivo. Este tema es objeto de la presente obra, en la que se aborda con rigor, exhaustividad y atencin̤ a doctrina y jurisprudencia, la regulacin̤ de la justicia de paz. Se estudia tanto la actividad que cum-ple secundum legem como la que desarrolla praeter legem. En el primer aspecto, analiza detallada y crt̕icamente la regulacin̤ sobre la justicia de paz, entre otros puntos, su sistema de acceso, garanta̕s, competencias y responsabilidades. Y en el segundo, se centra en la actividad que desarrolla para la solucin̤ de conflictos alternativa o complementaria a la jurisdiccin̤, incluida una especie de mediacin̤ en la que, aprovechando el ofrecimiento de acciones en los juicios de faltas y en intensidad variable segn︢ la personalidad del juzgador, se busca la pacificacin̤ vecinal. Este l︢timo m̀bito, desde un punto de vista del derecho positivo puede hasta ser calificado como irrelevante, pero en la prc̀tica representa el aspecto ms̀ importante de su actividad en cuando se refiere a la utilidad o servicio para la comunidad. Como colofn̤, ofrece una visin̤ de las distintas posibilidades para el futuro desarrollo legislativo, optando por mantener la justicia de paz, debidamente actualizado, debido el servicio que ha prestado en el pasado y que puede seguir prestando en el futuro. Jos ̌Bonet Navarro es Catedrt̀ico de Derecho Procesal en la Universitat de Valn̈cia, donde ha desarrollado toda su carrera docente. Ha compaginado su actividad docente siendo aboga-do en ejercicio en sus inicios profesionales y magistrado suplente de la Audiencia Provincial de Valencia durante ocho aǫs. Es autor de once libros monogrf̀icos y de ms̀ de cien aportaciones tanto en libros colectivos como en diversas revistas especializadas en Derecho Procesal. 
506 1 |a Disponible solo en los productos indicados  |d vLex Global  |d vLex Global (Academic Edition, excluding Law Schools)  |d vLex Global (U.S. Academic Edition, Law Schools)  |d vLex Global (U.S. Academic Edition, excluding Law Schools)  |d vLex Global (Academic Edition, Law Schools) 
650 0 4 |a Derecho Procesal  |z Espaą 
740 0 |a vLex Libros (Servicio en ln̕ea) 
856 4 0 |u http://vlex.com/source/justicia-de-paz-y-alternativa-12213  |z Acceso restringido 
942 |c BOOK 
999 0 |a Litigation